Регионална библиотека "Любен Каравелов" - Русе

Алекс и книгите (Запис номер 511600)

MARC детайли
000 -Лидер
Лидер 01003nam a2200265 a 4500
003 - Код на организацията, давaща контролен номер
Код на организацията, даваща контролен номер BLK
005 - Дата и час на последна редакция
Дата и час на последна редакция 20250623132513.0
008 - Елементи от данни с фиксирана дължина
Елементи с фиксирана дължина 210309b bu ||||| |||| 00| 0 bu d
020 ## - Международен стандартен номер на книга ISBN
ISBN 9786192740061
040 ## - Източник на каталожния запис
Код на библиотеката BLK
041 ## - Код за език
Език Български
Език за КДБФ Български
080 ## - УДК
УДК текст Словенска литература
УДК код 821.163.6
УДК – код + определител 821.163.6-93-91
9 (RLIN) 238627
084 ## - Класификационен индекс по друга класификация
Авторски знак Крал - К 89
100 ## - Редна дума - Автор
R(LIN) 442802
Автор Кралич, Хелена
245 ## - Сведения за заглавието
Заглавие Алекс и книгите
Авторска отговорност Хелена Кралич; прев. и стих. Любомир Николов; ил. Полона Ловшин.
260 ## - Област на издателските данни
9 (RLIN) 209582
Място на издаване София
Име на издателя СофтПрес
Година на издаване 2024
300 ## - Физическа характеристика
Брой страници 36 с.
Илюстрации с цв. ил.
Размер 28 см
380 ## - Жанр
Жанр Детска худож. лит.
700 ## - Други автори (авторска отговорност)
9 (RLIN) 599
Друг автор Ловшин, Полона
Авт. отговорност на др. автор ил.
700 ## - Други автори (авторска отговорност)
9 (RLIN) 254403
Друг автор Николов, Любомир Гергов, 1954-
942 ## - АРТИКУЛИ
Вид на библиотечния документ Книги
Скрит в OPAC Не
Периодичен библиозапис Да
Koha issues (borrowed), all copies 20
999 ## - СИСТЕМНИ КОНТРОЛНИ НОМЕРА
Koha biblionumber 511600
Koha biblioitemnumber 511600
999 ## - СИСТЕМНИ КОНТРОЛНИ НОМЕРА
Koha biblioitemnumber 400429
944 ## - СЪЗДАВАНЕ И РЕДАКЦИЯ на ЗАПИСА
Създаване/Редакция
Дата на регистрацията/редакция Нора Радева
Служител, извършил регистрацията/редакцията 30551
Номер на служител Бояна Костадинова
Наличности
Код за отписване Код за изгубен артикул Източник на класификационната схема Код за повреда Код за отдаване Артикулен № Име на библиотеката - собственик Име на библиотеката, в която се намира в момента Статус (Текущо местоположение) Дата на вписване в системата Местоположение - отдел Цена в лева Инвентарен номер Систематично азбучна сигнатура Баркод Цена в евро Служебен тип на артикула
  Не е изгубен Universal Decimal Classification Не е повреден заемане за дома 943851 Регионална библиотека "Любен Каравелов" Русе Регионална библиотека "Любен Каравелов" Русе Детски отдел 2024-06-11 Детски отдел 7.70 120000908963 821-93/К 89 Х 120000908963 3.94 Книги
  Не е изгубен Universal Decimal Classification Не е повреден заемане за дома 943852 Регионална библиотека "Любен Каравелов" Русе Регионална библиотека "Любен Каравелов" Русе Детски отдел 2024-06-11 Детски отдел 7.70 120000908961 821-93/К 89 Х 120000908961 3.94 Книги
  Не е изгубен Universal Decimal Classification Не е повреден заемане за дома 943853 Регионална библиотека "Любен Каравелов" Русе Регионална библиотека "Любен Каравелов" Русе Детски отдел 2024-06-11 Детски отдел 7.70 120000908962 821-93/К 89 Х 120000908962 3.94 Книги
Vip Innovations Ltd, Rousse, Bulgaria 2025